Philosophie der Kunst

Guardat en:
Dades bibliogràfiques
Autor principal: Schelling, Friedrich Wilhelm Joseph (Autor)
Format: Llibre
Idioma:alemany
Publicat: Darmstadt Wissenschaftliche Buchgesellschaft 1966
Col·lecció:Schelling Ausgewählte Werke
Matèries:
Etiquetes: Afegir etiqueta
Sense etiquetes, Sigues el primer a etiquetar aquest registre!

MARC

LEADER 00000nam a2200000 a 4500
001 UCZ4205
003 CL-VaPUC
008 951106e19660000GW |||||||||||||||||ger|d
082 0 4 |a 141  |b SCH  |2 21 
100 0 |a Schelling, Friedrich Wilhelm Joseph  |e author  |9 348163 
245 1 0 |a Philosophie der Kunst 
300 |a 414 p 
942 |c BK 
945 |d 19951106 00:00:00  |a cmena 
260 |a Darmstadt  |b Wissenschaftliche Buchgesellschaft  |c 1966 
650 0 |a Idealismo  |9 265685 
650 0 |a Filosofía alemana   |9 265002 
650 0 |a Escuelas filosóficas   |9 266232 
650 0 |a Estética   |9 264950 
583 |a last modification  |c 20150907 10:45:00  |k Rodrigo Vera 
490 0 |a Schelling Ausgewählte Werke 
999 |c 240622  |d 240620 
952 |0 0  |1 0  |4 0  |6 141_000000000000000_SCH_1966  |7 0  |8 P  |9 252593  |a BIBEDU  |b BIBEDU  |d 2019-11-18  |i 159513K  |o 141 SCH 1966  |p 159513K  |r 2025-01-22  |w 2019-11-18  |y BK  |k FIL